01381nam a22002417a 4500999001700000003000900017008004100026040007100067082002000138110004600158245014000204260006300344300005500407505031000462650003500772650003400807650002900841650002500870942001600895945000800911952010800919952011201027 c21959d21959AR-CdUCM190228b ||||| |||| 00| 0 spa d aMUNICIPALIDAD PROVINCIAL DEL CUSCOcBIBLIOTECA MUNICIPAL DEL CUSCO a353.77/M10bM10 aMunicipalidad Provincial del Cusco946994 aEl centro del Cusco :bmorada de historia y cultura viva /cMunicipalidad Provincial del Cusco, Gerencia de Centro Histórico de Cusco aCusco :bMunicipalidad del Cusco, bDann´ys Graff,c2021. a375 páginas. :bIlustraciones en color ;c30 cm. aContenido: Recorriendo por la historia del Cusco. -- Núcleo del centro histórico. -- San Cristóbal. -- Santo Domngo, San Agustín. -- San Blas, Limacpamapa. -- Santa Ana. -- San Pedro. -- Pumacchupan, Avenida Pardo, Tres Cruces. -- Almudena, Santiago, Belen. -- Totorapacha, Mesa redonda, Teteqaqa. aCusco centro histórico96890 aMonumentos históricos96891 aBarrios del Cusco946995 aCusco - Perú94115 2ddccLIBROS arac 002ddc4070aSHbSHcCARTd2022-01-20eDonacióng10.00o353.77/M10pSH0000016183r2022-01-20yLIBROS 002ddc4070aSHbSHcCARTd2022-01-20eDonacióng10.00o353.77/M10/e.2pSH0000016184r2022-01-20yLIBROS